FIFA Soccer World Rankings 2022 - Statistics

General Stats
  • This quiz has been taken 88 times
  • The average score is 31 of 40
Answer Stats
Ranking Country % Correct
3 Argentina
96%
4 France
96%
1 Brazil
95%
2 Belgium
94%
9 Portugal
94%
16 United States
94%
5 England
92%
11 Germany
92%
6 Italy
92%
7 Spain
91%
13 Mexico
87%
8 Netherlands
87%
14 Uruguay
87%
24 Japan
86%
25 Sweden
85%
17 Colombia
81%
22 Morocco
81%
28 South Korea
81%
12 Croatia
80%
33 Russia
80%
39 Egypt
77%
26 Poland
76%
10 Denmark
75%
15 Switzerland
75%
29 Chile
73%
34 Austria
72%
38 Australia
67%
18 Senegal
66%
27 Ukraine
66%
36 Hungary
63%
32 Nigeria
63%
23 Peru
63%
21 Serbia
62%
20 Iran
61%
19 Wales
61%
35 Czech Republic
59%
40 Scotland
54%
31 Costa Rica
53%
37 Algeria
51%
30 Tunisia
44%
No matching quizzes found
Score Distribution
Percent of People with Each Score
Percentile by Number Answered
Your Score History
You have not taken this quiz